Заявление Петра Михайловича фон Кауфмана, Н.[П.] Балашова, А. Зиновьева председателю группы центра Государственного совета об ос...

Доступно только в Электронных читальных залах Найти на картеНа карте
RUSMARC
00003911nmc2a22002533x 450
00161994ade-9f2b-42b1-9104-e8660e645921
00520231129182712.0
100##$a20230606l15011916k l0rusy0189 ca
1010#$arus
102##$aRU
105##$ay###
1222#$ad
2001#$aЗаявление Петра Михайловича фон Кауфмана, Н.[П.] Балашова, А. Зиновьева председателю группы центра Государственного совета об оставлении за собой "свободы суждений" по отдельным положениям программы "центра" при одобрении общего её направления
$jбез даты
215##$a1 л.
$d28х40,5 см
251##$cДело
300##$aПетр Михайлович фон Кауфман (1857 год - не ранее 1917 года). Материалы, связанные со служебной и общественной деятельностью. По Государственному совету
300##$aЧерновик
371##$aДокумент не является опубликованным и широко распространяемым
461#0$100190e07281-0192-43e2-b84a-6d6cf747817c
$12001
$aФон Кауфманы и фон Кауфманы Туркестанские
$1251
$cФонд
$1852
$j954
462#0$1001ff04dd05-f76b-4284-9957-af4e9e6c0442
$12001
$aМатериалы к истории рода Kауфманов; личные и служебные документы К.П., М.П., П.М. Кауфмана
$1251
$cОпись
$1852
$j1
801#0$aRU
$bРГИА
$c20230606
$gRCR
801#1$aRU
$bГлавНИВЦ
$c20230606
$2rusmarc
801#2$aRU
$bПБ им. Б.Н. Ельцина
$c20231129
$gRCR
$2rusmarc
850##$aРГИА
852##$aРГИА
$eФедеральное казенное учреждение "Российский государственный исторический архив" (РГИА)
$j306
937##$hРГИА
$d12390700
$aASBIBLIO_SCAN
035##$aRusGRCC00063679
856##$uhttp://readingroom.main.prlib.ru/item.aspx?id_node=n189314002&mode=full
Формат отображения